Reed's Advanced electrotechnology for marine engineers / (Record no. 1643)

000 -LEADER
fixed length control field 00426nam a2200145 4500
008 - FIXED-LENGTH DATA ELEMENTS--GENERAL INFORMATION
fixed length control field 200128b ||||| |||| 00| 0 eng d
082 00 - DEWEY DECIMAL CLASSIFICATION NUMBER
Classification number 621.3
Item number K891
100 ## - MAIN ENTRY--PERSONAL NAME
9 (RLIN) 1274
Personal name Kraal, Edmund G. R.
245 10 - TITLE STATEMENT
Title Reed's Advanced electrotechnology for marine engineers /
250 ## - EDITION STATEMENT
Edition statement 1st ed.
260 ## - PUBLICATION, DISTRIBUTION, ETC. (IMPRINT)
Place of publication, distribution, etc Sunderland
Name of publisher, distributor, etc Thomas Reed
Date of publication, distribution, etc 1970
300 ## - PHYSICAL DESCRIPTION
Extent 647
650 #0 - SUBJECT ADDED ENTRY--TOPICAL TERM
Topical term or geographic name as entry element Electrical Engineering
942 ## - ADDED ENTRY ELEMENTS (KOHA)
Source of classification or shelving scheme
Item type Books
Holdings
Withdrawn status Lost status Source of classification or shelving scheme Damaged status Not for loan Permanent location Current location Date acquired Full call number Barcode Date last seen Koha item type
          IMU Kolkata IMU Kolkata 2020-01-28 621.3 K891 04534 2020-01-28 Books
Designed and Maintained by IMU-KC Library, Kolkata Campus © Copyright All Rights Reserved

webs counters

Powered by Koha